[Event "Stadtmeisterschaft Ulm/Neu Ulm 2008"]
[Site "?"]
[Date "2008.12.12"]
[Round "7"]
[White "Gallwitz, Helge"]
[Black "Schulze, Andreas"]
[Result "0-1"]
[WhiteElo "2051"]
[BlackElo "2173"]
[Annotator "Frederic"]
[PlyCount "90"]
[EventDate "2008.12.01"]
[SourceDate "2008.12.22"]

1. e4 Nf6 2. e5 Nd5 3. d4 d6 4. c4 Nb6 5. exd6 cxd6 6. Nc3 g6 7. Be3 Bg7 8. Rc1
O-O 9. b3 Bf5 10. Nf3 d5 11. c5 Nc8 12. Qd2 Re8 13. Be2 Nc6 14. O-O Bg4 15. h3
Bxf3 16. Bxf3 e6 17. b4 a6 18. Rfd1 N8e7 19. Ne2 Nf5 20. a4 Nxe3 21. fxe3 Bh6
22. Rb1 Qh4 23. b5 axb5 24. axb5 Ne7 25. Nf4 Nf5 26. Qf2 Qxf2+ 27. Kxf2 Ra3 28.
Re1 Nxd4 29. exd4 Bxf4 30. g3 Bd2 31. Red1 Bc3 32. Ke2 Rea8 33. Rd3 R8a4 34. c6
b6 35. Rc1 Rc4 36. Kf1 Kf8 37. Be2 e5 38. Rf3 exd4 39. Bxc4 dxc4 40. Rfxc3 dxc3
41. c7 Ra8 42. Rxc3 Ke7 43. Rxc4 Rc8 44. Rc6 Kd7 45. Rf6 Rxc7 0-1

[Event "Stadtmeisterschaft Ulm/Neu Ulm 2008"]
[Site "?"]
[Date "2008.12.12"]
[Round "7"]
[White "Smolny, Frieder"]
[Black "Gebhardt, Uwe"]
[Result "1/2-1/2"]
[WhiteElo "1871"]
[BlackElo "1996"]
[Annotator "Frederic"]
[PlyCount "86"]
[EventDate "2008.12.01"]
[SourceDate "2008.12.22"]

1. Nf3 g6 2. d4 Bg7 3. c4 d6 4. Nc3 Nc6 5. d5 Ne5 6. Nxe5 Bxe5 7. g3 Bg7 8. Bg2
e5 9. dxe6 fxe6 10. Qb3 Ne7 11. O-O O-O 12. e4 Nc6 13. Be3 Nd4 14. Bxd4 Bxd4
15. Nb5 Bc5 16. Qc3 Qe7 17. b4 Bb6 18. e5 a6 19. exd6 cxd6 20. Nd4 e5 21. Bd5+
Kg7 22. Rae1 Qf6 23. Nf3 Bg4 24. c5 dxc5 25. bxc5 Rac8 26. Qxe5 Bxc5 27. Kg2
Qxe5 28. Rxe5 Bd6 29. Re2 Rc3 30. Re3 Rxe3 31. fxe3 b6 32. Nd4 Be5 33. Rb1 Rf6
34. Nc6 Bc7 35. Rc1 Bd6 36. Rc2 Bc5 37. Nd4 Bd1 38. Rd2 Ba4 39. e4 h5 40. Bb7
Bb5 41. Nf3 Rf7 42. Bd5 Re7 43. Nd4 Be8 1/2-1/2

[Event "Stadtmeisterschaft Ulm/Neu Ulm 2008"]
[Site "Privat"]
[Date "2008.12.12"]
[Round "7"]
[White "Maier, Arnd"]
[Black "Schwab, Matthias"]
[Result "1/2-1/2"]
[WhiteElo "2087"]
[BlackElo "2022"]
[Annotator "Frederic"]
[PlyCount "125"]
[EventDate "2008.??.??"]

{E07: Katalanisch} 1. d4 Nf6 2. Nf3 e6 3. g3 Be7 4. Bg2 O-O 5. O-O d5 6. c4 c6
7. Nc3 Nbd7 8. b3 b6 9. Bb2 Bb7 10. e3 Rc8 11. cxd5 cxd5 12. Rc1 Ba6 13. Re1
$11 Bd6 14. a3 Qe7 $15 15. b4 Rc7 16. Qa4 $14 Bc4 17. Nb5 Bxb5 18. Qxb5 Rfc8
19. Rxc7 Rxc7 20. Ne5 Nb8 21. Qa4 Qe8 22. Qb3 Qc8 23. Bf1 Ne4 $11 24. Bd3 Bxe5
25. dxe5 Nd2 26. Qd1 Nc4 27. Qb3 Nd7 28. f4 b5 29. Bd4 Ndb6 30. Re2 $14 Na4 31.
Rc2 a6 32. Kf2 Ncb6 33. Ke2 Rxc2+ 34. Bxc2 Qc4+ 35. Qd3 $16 Qxd3+ 36. Bxd3 Nc4
37. Bxc4 dxc4 38. e4 Kf8 39. g4 Ke7 40. g5 Kd7 41. h4 Kc6 42. h5 Kd7 43. Ke3
Ke7 44. f5 exf5 $11 45. exf5 g6 46. hxg6 hxg6 47. Ke4 gxf5+ $15 48. Kxf5 c3 49.
e6 $2 fxe6+ 50. Kg6 $17 c2 51. Be3 $15 Nc3 52. Kg7 Nd5 $17 53. Bc1 e5 54. g6
$15 e4 55. Bg5+ $4 Kd7 56. Kh7 e3 57. g7 c1=Q 58. g8=Q Qc2+ 59. Kg7 Ne7 60. Qf7
Qe4 $4 61. Kf8 $15 e2 62. Bxe7 $14 e1=Q $4 63. Bh4+ 1/2-1/2

[Event "Stadtmeisterschaft Ulm/Neu Ulm 2008"]
[Site "Privat"]
[Date "2008.12.12"]
[Round "7"]
[White "Anistratov, Dimitrij"]
[Black "Over, Klaus"]
[Result "1-0"]
[WhiteElo "2333"]
[BlackElo "1883"]
[Annotator "Frederic"]
[PlyCount "83"]
[EventDate "2008.??.??"]
[SourceDate "2008.12.22"]

1. d4 Nf6 2. Nf3 g6 3. c4 Bg7 4. Nc3 O-O 5. Bg5 d6 6. e3 c5 7. Be2 Bg4 8. h3
Bxf3 9. Bxf3 cxd4 10. exd4 Nc6 11. Be3 Rc8 12. O-O e5 13. Bxc6 Rxc6 14. d5 Rxc4
15. Qb3 Rc8 16. Bxa7 Nd7 17. Be3 f5 18. f3 Nc5 19. Bxc5 Rxc5 20. Na4 Ra5 21.
Kh1 b5 22. Nc3 Qb6 23. a4 b4 24. Nb5 Rc8 25. Qxb4 Rc2 26. Rac1 Rc5 27. Rxc5
dxc5 28. Qc4 Ra8 29. b3 h6 30. Rc1 Bf8 31. d6+ Kh8 32. Qxc5 Qxc5 33. Rxc5 Rd8
34. Rxe5 Bxd6 35. Rd5 Be7 36. Rxd8+ Bxd8 37. f4 Be7 38. a5 Bb4 39. a6 Bc5 40.
a7 Bxa7 41. Nxa7 Kg7 42. Kg1 1-0

[Event "Stadtmeisterschaft Ulm/Neu Ulm 2008"]
[Site "Privat"]
[Date "2008.12.12"]
[Round "7"]
[White "Wolf, Rainer"]
[Black "Bühler, Jürgen"]
[Result "1-0"]
[WhiteElo "2002"]
[BlackElo "1917"]
[Annotator "Frederic"]
[PlyCount "111"]
[EventDate "2008.??.??"]
[SourceDate "2008.12.22"]

1. Nf3 d5 2. e3 Nf6 3. Be2 e6 4. O-O Bd6 5. d4 Nbd7 6. b3 Ne4 7. c4 c6 8. a4
Qe7 9. Bd3 O-O 10. Bxe4 dxe4 11. Nfd2 f5 12. Ba3 c5 13. Nc3 a6 14. dxc5 Bxc5
15. Bxc5 Qxc5 16. a5 Ne5 17. Qc2 Bd7 18. Rfb1 Rad8 19. b4 Qc7 20. Ne2 Ng4 21.
g3 Rf6 22. Kg2 Be8 23. h3 Ne5 24. Nd4 Ng6 25. b5 e5 26. b6 Qd7 27. N4b3 Rd6 28.
Rd1 Rd3 29. Nc5 Rxd2 30. Nxd7 Rxc2 31. Nf6+ gxf6 32. Rxd8 Kf7 33. Rc8 Ne7 34.
Rc7 Bc6 35. Rd1 f4 36. gxf4 exf4 37. Kf1 fxe3 38. fxe3 Rxc4 39. Rd8 Rc5 40. Rh8
Rh5 41. Kg2 Ke6 42. Kh2 f5 43. Rb8 f4 44. exf4 Rxa5 45. Rd8 Ra2+ 46. Kg1 e3 47.
Rd3 e2 48. Re3+ Kd6 49. Rcxe7 Kc5 50. Rxe2 Rxe2 51. Rxe2 Kxb6 52. f5 Bd5 53. f6
a5 54. Rb2+ Kc6 55. Rc2+ Kd6 56. Rd2 1-0

[Event "Stadtmeisterschaft Ulm/Neu Ulm 2008"]
[Site "Privat"]
[Date "2008.12.12"]
[Round "7"]
[White "Geutebrück, Sebastian"]
[Black "Locher, Klaus"]
[Result "1/2-1/2"]
[WhiteElo "1943"]
[BlackElo "1787"]
[Annotator "Frederic"]
[PlyCount "95"]
[EventDate "2008.??.??"]
[SourceDate "2008.12.22"]

1. d4 d5 2. Nf3 e6 3. e3 Nf6 4. Bd3 c5 5. c3 Nbd7 6. Nbd2 Be7 7. O-O O-O 8. e4
dxe4 9. Nxe4 Nxe4 10. Bxe4 Nf6 11. Qe2 Nxe4 12. Qxe4 Qd5 13. Qxd5 exd5 14. Re1
Bd6 15. dxc5 Bxc5 16. Bf4 Bf5 17. Rad1 Rad8 18. b4 Bb6 19. Re7 Rc8 20. Rxd5 Be6
21. Rd3 Bxa2 22. Rxb7 Rfe8 23. Be3 Bb1 24. Rd1 Be4 25. Rbd7 Bxe3 26. fxe3 Rxc3
27. Rxa7 Rxe3 28. b5 Rb3 29. Re1 f5 30. Nd4 Rb2 31. b6 Rxg2+ 32. Kf1 Rb2 33.
Kg1 Rxb6 34. Nxf5 Rg6+ 35. Kf2 Rg2+ 36. Kf1 Rxh2 37. Ne7+ Rxe7 38. Rxe7 Rh1+
39. Kf2 Rxe1 40. Kxe1 Bf5 41. Kf2 h6 42. Kg3 Kh7 43. Kf4 Bg6 44. Kg4 Bc2 45.
Rc7 Bd1+ 46. Kf4 h5 47. Kg5 Bg4 48. Re7 1/2-1/2

[Event "Stadtmeisterschaft Ulm/Neu Ulm 2008"]
[Site "Privat"]
[Date "2008.12.12"]
[Round "7"]
[White "Kühn, Bernd"]
[Black "Hoffart, Alexander"]
[Result "0-1"]
[WhiteElo "1618"]
[BlackElo "1900"]
[Annotator "Frederic"]
[PlyCount "108"]
[EventDate "2008.??.??"]
[SourceDate "2008.12.23"]

1. Nf3 f5 2. d3 Nf6 3. c4 Nc6 4. g3 g6 5. Bg2 Bg7 6. Nc3 O-O 7. O-O d6 8. Bg5
Be6 9. Qd2 Bf7 10. Bh6 e5 11. Bxg7 Kxg7 12. Nh4 Be6 13. f4 Nh5 14. Bf3 Nxf4 15.
e3 Nh3+ 16. Kh1 Ng5 17. Bg2 Qe7 18. Nd5 Qd8 19. Qc3 Rb8 20. e4 Nd4 21. exf5
Bxf5 22. Nxf5+ Nxf5 23. c5 Ne6 24. b4 c6 25. Nf4 Ned4 26. Be4 d5 27. Bxf5 Rxf5
28. Qxd4 exd4 29. Ne6+ Kf6 30. Nxd8 Rxd8 31. Rxf5+ gxf5 32. Rd1 a5 33. Rb1 a4
34. b5 Re8 35. bxc6 bxc6 36. Rb4 Re3 37. Rxd4 a3 38. Rh4 Rxd3 39. Rh6+ Ke5 40.
Rxc6 Rd2 41. Rc8 Rxa2 42. Re8+ Kd4 43. c6 Rc2 44. Ra8 Rxc6 45. Rxa3 Rc2 46.
Ra4+ Ke3 47. Rf4 Rf2 48. Rh4 d4 49. Rxh7 d3 50. Kg1 d2 51. Re7+ Kf3 52. Rd7
Rg2+ 53. Kh1 Re2 54. Rd3+ Re3 0-1

[Event "Stadtmeisterschaft Ulm/Neu Ulm 2008"]
[Site "?"]
[Date "2008.12.12"]
[Round "7"]
[White "Hartmann, Thomas"]
[Black "Zierke, Markus"]
[Result "1/2-1/2"]
[WhiteElo "1889"]
[BlackElo "1765"]
[Annotator "Frederic"]
[PlyCount "76"]
[EventDate "2008.??.??"]

1. d4 Nf6 2. c4 c5 3. Nf3 g6 4. Nc3 cxd4 5. Nxd4 Bg7 6. Bg5 O-O 7. Qd2 Re8 8.
g3 Nc6 9. Nb3 d6 10. Bg2 Bd7 11. O-O Qc8 12. Nd5 Ng4 13. Na5 f6 14. Be3 Nxe3
15. Nxe3 Nxa5 16. Qxa5 Bc6 17. Bd5+ e6 18. Bxc6 Qxc6 19. Rad1 b6 20. Qb4 Rad8
21. Nc2 d5 22. Ne3 d4 23. Nc2 e5 24. Qb5 Qxb5 25. cxb5 Bf8 26. Na1 Rd5 27. a4
Red8 28. Rc1 Bc5 29. Nb3 e4 30. Rfd1 f5 31. Kf1 g5 32. Rc4 d3 33. exd3 exd3 34.
Nxc5 bxc5 35. b4 cxb4 36. Rxb4 Rd4 37. Rxd4 Rxd4 38. a5 Kf7 1/2-1/2

[Event "Stadtmeisterschaft Ulm/Neu Ulm 2008"]
[Site "?"]
[Date "2008.12.12"]
[Round "7"]
[White "Zahn, Achim"]
[Black "Sander, Luzia"]
[Result "0-1"]
[WhiteElo "1584"]
[BlackElo "1810"]
[Annotator "Frederic"]
[PlyCount "120"]
[EventDate "2008.??.??"]
[SourceDate "2008.12.23"]

1. e4 c5 2. c3 Nc6 3. d4 cxd4 4. cxd4 Nf6 5. Nc3 d6 6. Nf3 Bg4 7. Be2 a6 8. a4
Rc8 9. O-O g6 10. Be3 Bg7 11. Qd2 h5 12. Rac1 Na5 13. Qd1 O-O 14. Nd2 Bxe2 15.
Qxe2 Ng4 16. Nf3 Nxe3 17. Qxe3 e6 18. Rfd1 Qb6 19. Rb1 Rc4 20. Rd3 Rb4 21. d5
Qxe3 22. Rxe3 Nc4 23. Ree1 Nxb2 24. Nd1 Nd3 25. Rxb4 Nxb4 26. dxe6 fxe6 27. Ne3
Rc8 28. Rd1 d5 29. exd5 exd5 30. g3 Rc5 31. Nd4 Kf7 32. Nb3 Rc3 33. Rb1 Ke6 34.
Na5 Bf8 35. Nxb7 d4 36. Nd1 Ra3 37. a5 Kd7 38. Rc1 d3 39. Kf1 Nc2 40. Ne3 Ra1
41. Rxa1 Nxa1 42. Nc4 Kc7 43. Nb2 Kxb7 44. Nxd3 Nb3 45. Ne5 g5 46. Nf3 Be7 47.
Ke2 Nxa5 48. Ke3 Nc4+ 49. Kd4 Nb6 50. Nd2 Kc6 51. Kc3 Kd5 52. f3 a5 53. Ne4 a4
54. Kd3 a3 55. Nc3+ Ke5 56. h3 Bc5 57. Kc2 Nd5 58. Ne4 Be7 59. Nd2 Kd4 60. Nf1
Ne3+ 0-1

[Event "Stadtmeisterschaft Ulm/Neu Ulm 2008"]
[Site "?"]
[Date "2008.12.12"]
[Round "7"]
[White "Heinrich, Klaus"]
[Black "Hörsch, Heiner"]
[Result "0-1"]
[WhiteElo "1710"]
[BlackElo "2059"]
[Annotator "Frederic"]
[PlyCount "66"]
[EventDate "2008.??.??"]

1. f4 d5 2. e3 c5 3. Nf3 Nc6 4. d4 Nf6 5. c3 e6 6. Bd3 Bd7 7. Nbd2 c4 8. Bc2 b5
9. a3 a5 10. e4 dxe4 11. Nxe4 Qc7 12. O-O Ne7 13. Ne5 Ned5 14. Bd2 Be7 15. Qf3
Rb8 16. Ng5 O-O 17. Qh3 h6 18. g4 b4 19. axb4 axb4 20. Ngxf7 Rxf7 21. g5 bxc3
22. bxc3 Rb2 23. Bg6 Rf8 24. Rad1 Bd6 25. gxh6 gxh6 26. Qxh6 Ba4 27. Ra1 Rxd2
28. Rxa4 Ne3 29. Rf3 Rd1+ 30. Kf2 Neg4+ 31. Ke2 Nxh6 32. Kxd1 Bxe5 33. fxe5 Qc6
0-1

[Event "Stadtmeisterschaft Ulm/Neu Ulm 2008"]
[Site "?"]
[Date "2008.12.12"]
[Round "7"]
[White "Späth, Gerhard"]
[Black "Souissi, Skander"]
[Result "1/2-1/2"]
[WhiteElo "1643"]
[BlackElo "1850"]
[Annotator "Frederic"]
[PlyCount "97"]
[EventDate "2008.??.??"]

1. e4 e5 2. Nf3 Nf6 3. Nxe5 d6 4. Nf3 Nxe4 5. Qe2 Qe7 6. d3 Nf6 7. Bg5 Nbd7 8.
Nc3 Qxe2+ 9. Bxe2 Be7 10. O-O-O O-O 11. Nd4 h6 12. Be3 Nb6 13. Bf3 Ng4 14. Ndb5
Nxe3 15. fxe3 c6 16. Nd4 Bg5 17. Rde1 Re8 18. Nd1 Bd7 19. h4 Bf6 20. Nb3 a5 21.
g4 Be6 22. Kb1 a4 23. Nd2 a3 24. b3 d5 25. e4 Nd7 26. exd5 cxd5 27. Ne3 Bc3 28.
Re2 Ra5 29. g5 Ne5 30. Bg2 hxg5 31. hxg5 Ng6 32. Rf2 Rc8 33. Nd1 Bd4 34. Rff1
Rac5 35. c4 dxc4 36. dxc4 Rxg5 37. Bxb7 Rb8 38. Be4 Ne5 39. Rh4 Rg4 40. Rfh1
Rxh4 41. Rxh4 Rd8 42. Kc2 f5 43. Bd5 Bxd5 44. Rxd4 Be4+ 45. Kc3 Rxd4 46. Kxd4
Nf3+ 47. Nxf3 Bxf3 48. Ne3 f4 49. Nf5 1/2-1/2

[Event "Stadtmeisterschaft Ulm/Neu Ulm 2008"]
[Site "?"]
[Date "2008.12.12"]
[Round "7"]
[White "Krauß, Rainer"]
[Black "Deißler, Helmut"]
[Result "0-1"]
[WhiteElo "1642"]
[BlackElo "1988"]
[Annotator "Frederic"]
[PlyCount "90"]
[EventDate "2008.??.??"]

1. e4 c5 2. Nf3 Nf6 3. Nc3 d5 4. exd5 Nxd5 5. Bb5+ Bd7 6. Bxd7+ Qxd7 7. O-O e6
8. Nxd5 Qxd5 9. d4 Nc6 10. Be3 cxd4 11. Nxd4 Be7 12. Qg4 Bf6 13. Nxc6 Qxc6 14.
c3 O-O 15. Rad1 Rfd8 16. a3 a6 17. Bg5 Bxg5 18. Qxg5 Rd7 19. Rd2 f6 20. Qe3
Rad8 21. Rfd1 Rxd2 22. Rxd2 Rd5 23. g3 Qd7 24. Re2 e5 25. f4 Rd1+ 26. Re1 exf4
27. gxf4 Qg4+ 28. Kh1 Rxe1+ 29. Qxe1 Qf3+ 30. Kg1 h5 31. Qd2 Kf7 32. b4 Ke6 33.
a4 Kf5 34. Qd7+ Kxf4 35. Qxg7 Qg4+ 36. Qxg4+ hxg4 37. Kf2 Ke4 38. b5 axb5 39.
axb5 f5 40. c4 f4 41. c5 Kd5 42. c6 bxc6 43. bxc6 Kxc6 44. Kg2 Kd5 45. h4 Ke5
0-1

[Event "Stadtmeisterschaft Ulm/Neu Ulm 2008"]
[Site "?"]
[Date "2008.12.12"]
[Round "7"]
[White "Lepschi, Albert"]
[Black "Jahn, Manfred"]
[Result "1-0"]
[WhiteElo "1674"]
[BlackElo "1617"]
[Annotator "Frederic"]
[PlyCount "101"]
[EventDate "2008.??.??"]
[SourceDate "2008.12.23"]

1. d4 d5 2. c4 c6 3. Nf3 Nf6 4. Nc3 e6 5. Bg5 Nbd7 6. cxd5 cxd5 7. Rc1 Bb4 8.
a3 Bxc3+ 9. Rxc3 Qa5 10. Bd2 Qb6 11. Rb3 Qc7 12. Rc3 Qb6 13. Qc2 O-O 14. Rb3
Qd8 15. e3 b6 16. Bb4 Re8 17. Bd6 Bb7 18. Bd3 Rc8 19. Rc3 Rxc3 20. Qxc3 Qc8 21.
Qxc8 Rxc8 22. Ke2 Ne4 23. Bf4 f6 24. h3 Kf7 25. Nd2 Nxd2 26. Kxd2 e5 27. dxe5
Nxe5 28. Bf5 Nc4+ 29. Kc3 Rc5 30. b4 d4+ 31. Kxd4 Rxf5 32. Kxc4 Bxg2 33. Rd1
b5+ 34. Kc3 Ke7 35. Rg1 g5 36. Rxg2 gxf4 37. Rg7+ Kd6 38. Rxh7 fxe3 39. fxe3
Rf3 40. Kd4 a6 41. h4 Rf1 42. Ra7 Rh1 43. Rxa6+ Ke7 44. Ra7+ Kd6 45. Ra6+ Ke7
46. Kd5 Rxh4 47. Ra7+ Kd8 48. Rf7 Rh3 49. Kd6 Ke8 50. Rxf6 Rxe3 51. Re6+ 1-0

[Event "Stadtmeisterschaft Ulm/Neu Ulm 2008"]
[Site "?"]
[Date "2008.12.12"]
[Round "7"]
[White "Napierala, Jascha"]
[Black "Förderreuther, Jonas"]
[Result "0-1"]
[WhiteElo "790"]
[BlackElo "1510"]
[Annotator "Frederic"]
[PlyCount "74"]
[EventDate "2008.??.??"]

1. e4 c5 2. Nf3 e6 3. d4 cxd4 4. Nxd4 a6 5. Nc3 Qc7 6. g3 b5 7. Bg2 Bb7 8. Nde2
Nf6 9. O-O b4 10. Na4 Nxe4 11. Be3 a5 12. Qd3 Nf6 13. Bf4 d6 14. Bxb7 Qxb7 15.
Bxd6 Bxd6 16. Qxd6 Qb5 17. Nb6 Ne4 18. Nxa8 Nxd6 19. Nc7+ Ke7 20. Nxb5 Nxb5 21.
a3 Nc6 22. axb4 axb4 23. c3 bxc3 24. Nxc3 Nbd4 25. Ra4 Rb8 26. Rb1 Nf3+ 27. Kg2
Nd2 28. Rd1 Rxb2 29. Rc4 Nxc4 30. Rc1 N6a5 31. Na4 Rb7 32. f4 Rb4 33. Nc5 Ne3+
34. Kh3 Rc4 35. Rxc4 Naxc4 36. Kh4 Nf5+ 37. Kg5 Nce3 0-1

[Event "Stadtmeisterschaft Ulm/Neu Ulm 2008"]
[Site "?"]
[Date "2008.12.12"]
[Round "7"]
[White "Meier, Dennis"]
[Black "Simo von Koschitzky, Ignatio"]
[Result "0-1"]
[WhiteElo "1335"]
[BlackElo "1087"]
[Annotator "Frederic"]
[PlyCount "52"]
[EventDate "2008.??.??"]

1. e4 c5 2. Nf3 Nc6 3. Bc4 h6 4. c3 d6 5. d4 Bg4 6. d5 Ne5 7. Bb5+ Bd7 8. Bxd7+
Qxd7 9. Nxe5 dxe5 10. c4 Nf6 11. Nc3 a6 12. O-O e6 13. Re1 Be7 14. Na4 Qd6 15.
b3 O-O 16. Nb2 exd5 17. exd5 e4 18. Re3 Qe5 19. Qe2 Bd6 20. g3 Rfe8 21. Rb1 Qf5
22. f3 exf3 23. Qd3 f2+ 24. Kf1 Qxd3+ 25. Rxd3 Ng4 26. h3 Re1+ 0-1

[Event "Stadtmeisterschaft Ulm/Neu Ulm 2008"]
[Site "?"]
[Date "2008.12.12"]
[Round "7"]
[White "Hengstberger, Ulli"]
[Black "Goda, Frederic"]
[Result "1/2-1/2"]
[WhiteElo "1445"]
[BlackElo "1706"]
[Annotator "Frederic"]
[PlyCount "44"]
[EventDate "2008.??.??"]

1. d4 Nf6 2. c4 g6 3. Nc3 Bg7 4. e4 d6 5. Nf3 O-O 6. Be2 c5 7. d5 Nbd7 8. h3 a6
9. O-O Ne8 10. Be3 h6 11. Qd2 Kh7 12. Nh2 f5 13. exf5 gxf5 14. Nf3 Nef6 15. Bd3
Ne5 16. Nxe5 dxe5 17. Bxc5 b6 18. Ba3 e4 19. Bc2 Qc7 20. d6 exd6 21. Bxd6 Rd8
22. Bxc7 Rxd2 1/2-1/2

[Event "Stadtmeisterschaft Ulm/Neu Ulm 2008"]
[Site "?"]
[Date "2008.12.12"]
[Round "7"]
[White "Kirn, Philipp"]
[Black "Pletz, Bernd"]
[Result "0-1"]
[WhiteElo "828"]
[BlackElo "1315"]
[Annotator "Frederic"]
[PlyCount "69"]
[EventDate "2008.??.??"]

1. d4 d5 2. c4 e6 3. Nc3 Nf6 4. a3 Be7 5. Bf4 O-O 6. Nf3 b6 7. Nb5 Na6 8. e3 c6
9. Nc3 Bb7 10. Be2 Nc7 11. b4 dxc4 12. Bxc4 Ncd5 13. Ne2 Nxf4 14. Nxf4 Nd5 15.
Bxd5 cxd5 16. Qd3 Rc8 17. O-O h6 18. Ne5 Bd6 19. f3 Bxe5 20. dxe5 Qc7 21. Qd4
Qc3 22. Rfe1 Rc4 23. Rac1 Qxd4 24. exd4 Rfc8 25. Ne2 Ba6 26. Red1 Rc2 27. Rxc2
Rxc2 28. Nf4 Ra2 29. Rb1 Rxa3 30. b5 Bc8 31. Rc1 Bd7 32. Rb1 Ra5 33. Nd3 Bxb5
34. Nb4 Bd7 35. h3 0-1

[Event "Stadtmeisterschaft Ulm/Neu Ulm 2008"]
[Site "?"]
[Date "2008.12.12"]
[Round "7"]
[White "Sturm, Paul"]
[Black "Hörsch, Florian"]
[Result "0-1"]
[WhiteElo "1296"]
[BlackElo "1495"]
[Annotator "Frederic"]
[PlyCount "46"]
[EventDate "2008.??.??"]

1. e4 c5 2. c3 d6 3. Bb5+ Bd7 4. Bc4 Nf6 5. d3 Nc6 6. a3 Ne5 7. Bb3 b5 8. f3 c4
9. Bc2 cxd3 10. Bb3 Qb6 11. Bf4 Nc4 12. Bxc4 bxc4 13. Qc1 Rb8 14. Nd2 Qxb2 15.
Nxc4 Qxg2 16. Rb1 Rc8 17. Ne3 Qxh1 18. Kf2 Nh5 19. Bg3 Nxg3 20. Kxg3 h5 21. Qd2
h4+ 22. Kf4 e5+ 23. Kg5 f6+ 0-1